Statistics for Countries with embassies and consulates in Togo

Click here to take the quiz!

General Stats

  • This quiz has been taken 25 times
  • The average score is 12 of 14

Answer Stats

Continent Country % Correct
AfricaNiger
100%
AfricaNigeria
100%
South AmericaBrazil
96%
EuropeFrance
96%
EuropeGermany
96%
North AmericaUnited States of America
96%
AsiaChina
91%
AfricaGhana
91%
AfricaD. R. Congo
87%
AfricaAngola
83%
AfricaEgypt
83%
AfricaLibya
78%
AfricaSenegal
70%
AfricaGabon
65%

Score Distribution

Percentile by Number Answered

Percent of People with Each Score

Your Score History

You have not taken this quiz